Accessibility of Web Pages

Skúmanie použiteľnosti a prístupnosti webových stránok v správe verejných alebo štátnych inštitúcií nachádzajúcich sa na území Slovenskej republiky. Popis, ako vytvorená aplikácia pracuje na automatizácii testov prístupnosti webu.

Salvato in:
Dettagli Bibliografici
Autore principale: Vladovičová, Lucia
Natura: Capitolo di libro
Lingua:inglese
Soggetti:
Tags: Aggiungi Tag
Nessun Tag, puoi essere il primo ad aggiungerne!!

MARC

LEADER 00000naa a2200000 4500
001 0262125
005 20200204074651.2
041 0 |a eng 
044 |a SK 
245 1 0 |a Accessibility of Web Pages  |c Lucia Vladovičová 
520 |a Skúmanie použiteľnosti a prístupnosti webových stránok v správe verejných alebo štátnych inštitúcií nachádzajúcich sa na území Slovenskej republiky. Popis, ako vytvorená aplikácia pracuje na automatizácii testov prístupnosti webu. 
610 2 0 |a aplikácie mobilné 
610 2 0 |a internet 
610 2 0 |a testy 
610 2 0 |a správa štátna 
610 2 0 |a správa verejná 
610 2 0 |a Slovensko 
100 1 |a Vladovičová, Lucia